| 000 | 00622nam a2200229Ia 4500 | ||
|---|---|---|---|
| 008 | 160803s9999 xx 000 0 und d | ||
| 020 | _a0 439078075 | ||
| 100 | _aSimon, Seymour | ||
| 245 | _aMuscles : our muscular system / | ||
| 245 | _cSeymour Simon. | ||
| 260 | _aNew York : | ||
| 260 | _bScholastic Inc. | ||
| 260 | _c1998 | ||
| 300 | _aunnumbere pages : | ||
| 300 | _bcolor illustrations ; | ||
| 300 | _c23 cm. | ||
| 500 | _aOriginally published: New York : Morrow Junior Books, c1998. | ||
| 650 | _aMuscles -- | ||
| 650 | _aMuscular System. | ||
| 650 | _xJuvenile literature. | ||
| 700 | _a1030 | ||
| 999 |
_c299164 _d299164 |
||